00474cam a2200157ua 45000010005000000080039000050400009000440820013000531000027000662450083000932500009001762600038001853000017002236530018002406530058002583864111206n ii |||gr||||Z||||||asm cMAIN a891.45111 aHazarika, Karabi Deka,11aAdhunikatar pratham puharat asomiya aru bangla kabitacby Karabi Deka Hazarika a1st. aDhemaji:bKiran Prakashan,c2008. a152p:c23cm. aAssamese poem aAdhunikatar pratham puharat asomiya aru bangla kabita